| Tag |
First Indicator |
Second Indicator |
Subfields |
| LEADER |
00000cam a2200000 4500 |
| 001 |
in00000021552 |
| 005 |
20231102185352.5 |
| 008 |
800703s1947 cauacf b 000 0 engec |
| 010 |
|
|
|a agr47000264
|
| 035 |
|
|
|a (OCoLC)06483242
|
| 035 |
|
|
|9 AAD7883AM
|
| 040 |
|
|
|a U.S. Dept. of Agr. Library
|c TXA
|d TXA
|d UtOrBLW
|
| 049 |
|
|
|a TXAM
|c [145280]
|
| 050 |
|
0 |
|a SF494
|b .E9 1947
|
| 082 |
0 |
|
|a 636.5084
|
| 092 |
|
|
|a 636.5084
|b E95h, 1947
|
| 100 |
1 |
|
|a Ewing, W. Ray
|q (William Ray),
|d 1894-1980.
|
| 245 |
1 |
0 |
|a Poultry nutrition :
|b for the use of feed manufacturers, feed dealers, feed salesmen and service men, veterinarians, hatchery-men, breeders and poultrymen. A text and reference book for instructors, students and all persons interested in poultry feeds and feeding /
|c [By] W. Ray Ewing.
|
| 250 |
|
|
|a [3d ed. (rev.)].
|
| 264 |
|
1 |
|a South Pasadena, Calif. :
|b W.R. Ewing,
|c 1947.
|
| 300 |
|
|
|a xiv, 1402 pages including illustrations (including diagrams) tables :
|b frontispiece (portrait) color plates. ;
|c 24 cm.
|
| 336 |
|
|
|a text
|b txt
|2 rdacontent
|
| 337 |
|
|
|a unmediated
|b n
|2 rdamedia
|
| 338 |
|
|
|a volume
|b nc
|2 rdacarrier
|
| 500 |
|
|
|a Previous editions have title: Handbook of poultry nutrition.
|
| 504 |
|
|
|a "References" at end of most of the chapters.
|
| 650 |
|
0 |
|a Poultry
|x Feeding and feeds.
|
| 650 |
|
0 |
|a Feeds.
|
| 650 |
|
0 |
|a Vitamins.
|
| 999 |
|
|
|a MARS
|
| 999 |
f |
f |
|s fb1b3bc7-7f6e-3db1-a567-627ef4956415
|i dc350dbb-0571-34d3-84f8-b302c7d94c8d
|t 0
|
| 952 |
f |
f |
|p ric
|a Texas A&M University
|b Rellis Campus
|c Joint Library Facility
|d Remote Storage
|t 0
|e SF494 .E9 1947
|h Library of Congress classification
|i unmediated -- volume
|m A14801092691
|
| 998 |
f |
f |
|a SF494 .E9 1947
|t 0
|l Remote Storage
|